| 000 | 00758nam a2200229 a 4500 | ||
|---|---|---|---|
| 999 |
_c10917 _d10917 |
||
| 001 | 10917 | ||
| 003 | BD-JhCC | ||
| 005 | 20190620092549.0 | ||
| 008 | 190528b20182002bd ||||| |||| 00| 0 eng d | ||
| 020 | _a9788129516787 | ||
| 035 | _a(BD-JhCC)10917 | ||
| 040 |
_aBD-JhCC _dBD-JhCC |
||
| 041 | _aben | ||
| 082 |
_bCHO 2018 _a158.1 |
||
| 100 | _aচট্টোপাধ্যায়, ডঃ পার্থ | ||
| 245 |
_aকেমন করে আত্নবিশ্বাস বাড়াবেন / _cডঃ পার্থ চট্টোপাধ্যায়, |
||
| 260 |
_aকলকাতা: _bদে'জ পাবলিশিং; _c2018. |
||
| 300 |
_a159 p.: _c22 cm. |
||
| 650 | _aSelf-confidence | ||
| 942 |
_2ddc _cBK |
||